[Event "SF Reckenfeld 1 - Indische Dame Münster"]
[Site "Verbandsklasse 2019/2020"]
[Date "2019.11.16"]
[Round "3.6"]
[White "Roewekamp, Helmut"]
[Black "Overesch, Dieter"]
[Result "1/2-1/2"]
[WhiteElo "1590"]
[BlackElo "1734"]
[PlyCount "57"]
[EventDate "2019.??.??"]
[SourceDate "2019.09.20"]

1. e4 d6 2. d4 Nf6 3. Bd3 e5 4. dxe5 dxe5 5. Nf3 Nbd7 6. O-O Be7 7. b3 c6 8.
Bb2 Qc7 9. Ba3 Nc5 10. Qe2 O-O 11. Bb2 Nfd7 12. Nbd2 Ne6 13. Nc4 Bf6 14. Rfd1
Nf4 15. Qe3 Ng6 16. Bf1 Be7 17. Ba3 Bxa3 18. Nxa3 b5 19. c4 Qa5 20. Nc2 b4 21.
a4 Nc5 22. h3 Re8 23. Rd6 Bb7 24. Rad1 Qb6 25. g3 f6 26. h4 Bc8 27. Nfe1 Nf8
28. Na1 Nfe6 29. Nac2 1/2-1/2

[Event "SF Reckenfeld 1 - Indische Dame Münster"]
[Site "Verbandsklasse 2019/2020"]
[Date "2019.11.16"]
[Round "3.7"]
[White "Ter Veen, Michael"]
[Black "Richter, Michael"]
[Result "1/2-1/2"]
[WhiteElo "1658"]
[BlackElo "1620"]
[PlyCount "71"]
[EventDate "2019.??.??"]
[SourceDate "2019.09.20"]

1. c4 c5 2. Nc3 Nf6 3. e4 d6 4. g3 g6 5. Bg2 Bg7 6. Nge2 Nc6 7. d3 Bd7 8. O-O
O-O 9. h3 h6 10. Be3 Qc8 11. Kh2 Ne5 12. Qd2 Bxh3 13. Bxh3 Nf3+ 14. Kg2 Nxd2
15. Bxc8 Nxf1 16. Rxf1 Raxc8 17. f4 Ng4 18. Bg1 a6 19. Nd5 Rfe8 20. f5 e6 21.
fxg6 fxg6 22. Ndf4 Kh7 23. b3 b5 24. Rd1 e5 25. Nd5 Rf8 26. Nec3 b4 27. Na4 Nf6
28. Nab6 Rc6 29. Nxf6+ Rxf6 30. Nd5 Rf7 31. Be3 a5 32. a4 bxa3 33. Ra1 Rb7 34.
Rxa3 Ra6 35. Bd2 Ra8 36. Nc3 1/2-1/2

[Event "SF Reckenfeld 1 - Indische Dame Münster"]
[Site "Verbandsklasse 2019/2020"]
[Date "2019.11.16"]
[Round "3.8"]
[White "Bloom, Luca"]
[Black "Dittberner, Markus"]
[Result "1/2-1/2"]
[WhiteElo "1116"]
[BlackElo "1577"]
[PlyCount "26"]
[EventDate "2019.??.??"]
[SourceDate "2019.09.20"]

1. e4 c5 2. c4 d6 3. Nf3 Nc6 4. h3 Nf6 5. d3 g6 6. Be2 Bg7 7. O-O O-O 8. Nc3
Bd7 9. a3 a5 10. Rb1 Qc8 11. Nh2 Nd4 12. b3 Rb8 13. a4 b6 1/2-1/2

[Event "SC Klein-Berlin Rheine 2 - SC Hiltrup 1"]
[Site "Verbandsklasse 2019/2020"]
[Date "2019.11.16"]
[Round "3.1"]
[White "Kammers, Heribert"]
[Black "Van Dijk, Guido"]
[Result "1/2-1/2"]
[WhiteElo "1941"]
[BlackElo "1798"]
[PlyCount "39"]
[EventDate "2019.??.??"]
[SourceDate "2019.09.20"]

1. g4 e5 2. c4 c6 3. Nc3 d5 4. cxd5 Bxg4 5. Bg2 Nf6 6. Qb3 Qb6 7. Qxb6 axb6 8.
d3 Bb4 9. Bd2 O-O 10. dxc6 Nxc6 11. Ne4 Nxe4 12. Bxe4 Bxd2+ 13. Kxd2 Be6 14.
Nf3 f6 15. Rhc1 Rfc8 16. Bxc6 Rxc6 17. Rxc6 bxc6 18. a3 Kf7 19. Rc1 c5 20. Ke3
1/2-1/2

[Event "SC Klein-Berlin Rheine 2 - SC Hiltrup 1"]
[Site "Verbandsklasse 2019/2020"]
[Date "2019.11.16"]
[Round "3.2"]
[White "Hemmert, Michael"]
[Black "Junk, Phillip"]
[Result "1/2-1/2"]
[WhiteElo "1775"]
[BlackElo "1922"]
[PlyCount "74"]
[EventDate "2019.??.??"]
[SourceDate "2019.09.20"]

1. d4 d5 2. Bf4 Nf6 3. e3 g6 4. c4 Bg7 5. Nc3 c6 6. Nf3 Nbd7 7. c5 h6 8. h3 Qa5
9. Nd2 Ne4 10. Ndxe4 dxe4 11. Qd2 e5 12. Bg3 exd4 13. exd4 O-O 14. Bc4 Qb4 15.
b3 Re8 16. O-O Nxc5 17. Bd6 Rd8 18. Qf4 Ne6 19. Bxe6 Qxd6 20. Qxf7+ Kh8 21.
Bxc8 Rdxc8 22. Nxe4 Qxd4 23. Rae1 Rf8 24. Qxg6 Qb2 25. Nd6 Rf6 26. Re8+ Rxe8
27. Qxe8+ Kh7 28. Qe4+ Kg8 29. Nf5 Qxa2 30. Qc4+ Kf8 31. g4 Qd2 32. Qe4 Qd7 33.
Re1 Rf7 34. Qb4+ Kg8 35. Ne7+ Kh8 36. Ng6+ Kg8 37. Qe4 Qd4 1/2-1/2

[Event "SC Klein-Berlin Rheine 2 - SC Hiltrup 1"]
[Site "Verbandsklasse 2019/2020"]
[Date "2019.11.16"]
[Round "3.3"]
[White "Voigt, Stefan"]
[Black "Miethe, Christoph"]
[Result "1-0"]
[WhiteElo "1733"]
[BlackElo "1771"]
[PlyCount "71"]
[EventDate "2019.??.??"]
[SourceDate "2019.09.20"]

1. e4 e5 2. Nf3 Nf6 3. Nc3 Nc6 4. d4 Bb4 5. d5 Bxc3+ 6. bxc3 Nb8 7. Bd3 d6 8.
h3 Nbd7 9. Be3 c5 10. O-O a6 11. c4 O-O 12. Nd2 Rb8 13. Qe2 h6 14. f4 exf4 15.
Bxf4 Ne5 16. Nf3 Re8 17. Nxe5 dxe5 18. Be3 Qe7 19. Qf2 Nd7 20. Rab1 f6 21. Be2
Rf8 22. Bg4 b6 23. Qh4 b5 24. Qf2 Rd8 25. Bxd7 Bxd7 26. Bxc5 Qf7 27. Bb6 Re8
28. c5 Qg6 29. Qe3 f5 30. exf5 Bxf5 31. d6 Be4 32. Rf2 Bc6 33. Rbf1 Kh7 34. Qd2
Qe6 35. Rf7 Bd7 36. Bc7 1-0

[Event "SC Klein-Berlin Rheine 2 - SC Hiltrup 1"]
[Site "Verbandsklasse 2019/2020"]
[Date "2019.11.16"]
[Round "3.4"]
[White "Horstmann, Michael"]
[Black "Buchholz, Christian"]
[Result "1/2-1/2"]
[WhiteElo "1685"]
[BlackElo "1650"]
[PlyCount "75"]
[EventDate "2019.??.??"]
[SourceDate "2019.09.20"]

1. c4 e6 2. Nc3 Nf6 3. e4 Nc6 4. Nf3 d6 5. d4 Be7 6. h3 Bd7 7. Bg5 h6 8. Bh4
Rc8 9. Bg3 O-O 10. Bd3 Nb4 11. Bb1 c5 12. a3 cxd4 13. Nxd4 Na6 14. b3 e5 15.
Nde2 Nc5 16. Bc2 Bc6 17. f3 Ne6 18. O-O Nh5 19. Bf2 b6 20. Nd5 Bxd5 21. exd5
Nef4 22. Nxf4 Nxf4 23. Be3 Bg5 24. Bf2 Bh4 25. Bxh4 Qxh4 26. Kh2 f5 27. Qe1 Qh5
28. Rg1 Rf6 29. Qf1 Nxd5 30. cxd5 Rxc2 31. Rc1 Rc5 32. b4 Rxd5 33. Rc8+ Rf8 34.
Qc4 Qf7 35. Rc7 Rd4 36. Qc6 Qd5 37. Qd7 Qf7 38. Qc6 1/2-1/2

[Event "SC Klein-Berlin Rheine 2 - SC Hiltrup 1"]
[Site "Verbandsklasse 2019/2020"]
[Date "2019.11.16"]
[Round "3.5"]
[White "Haves, Daniel"]
[Black "Brinkmann, Franz Josef"]
[Result "0-1"]
[WhiteElo "1640"]
[BlackElo "1737"]
[PlyCount "70"]
[EventDate "2019.??.??"]
[SourceDate "2019.09.20"]

1. f4 d5 2. Nf3 Nc6 3. e3 a6 4. d3 Nf6 5. Be2 e6 6. O-O Bc5 7. d4 Bd6 8. c4
dxc4 9. Bxc4 b5 10. Be2 Bb7 11. Nbd2 Ne7 12. Nb3 O-O 13. Bd3 Rc8 14. Bd2 c5 15.
Ba5 Qe8 16. Nxc5 Bxc5 17. dxc5 Rxc5 18. Bb4 Rc8 19. Qe2 Nfd5 20. Bd2 Qd8 21. e4
Nf6 22. e5 Nfd5 23. Bxh7+ Kxh7 24. Ng5+ Kg6 25. Qg4 Qb6+ 26. Kh1 f6 27. Nxe6+
Kf7 28. Nxf8 Kxf8 29. Rae1 Rc2 30. Bc1 Qc6 31. Qf3 Qc7 32. Qg3 Nf5 33. Qa3+
Nde7 34. exf6 gxf6 35. Rg1 Nh4 0-1

[Event "SC Klein-Berlin Rheine 2 - SC Hiltrup 1"]
[Site "Verbandsklasse 2019/2020"]
[Date "2019.11.16"]
[Round "3.6"]
[White "Huesmann, Stephan"]
[Black "Junk, Andreas"]
[Result "1/2-1/2"]
[WhiteElo "1640"]
[BlackElo "1728"]
[PlyCount "33"]
[EventDate "2019.??.??"]
[SourceDate "2019.09.20"]

1. e4 c5 2. Nf3 d6 3. d4 cxd4 4. Nxd4 Nf6 5. Nc3 g6 6. f3 Bg7 7. Be3 a6 8. Qd2
Nbd7 9. O-O-O Qc7 10. Kb1 b5 11. Qf2 Bb7 12. g4 Ne5 13. h3 Rc8 14. Ndxb5 Qd7
15. Bf4 axb5 16. Bxe5 Nxe4 17. Nxe4 1/2-1/2

[Event "SC Klein-Berlin Rheine 2 - SC Hiltrup 1"]
[Site "Verbandsklasse 2019/2020"]
[Date "2019.11.16"]
[Round "3.7"]
[White "Vera, Antonio"]
[Black "Pohlmeier, Ulrich"]
[Result "1/2-1/2"]
[WhiteElo "1713"]
[BlackElo "1589"]
[PlyCount "36"]
[EventDate "2019.??.??"]
[SourceDate "2019.09.20"]

1. d4 e6 2. c4 Nf6 3. Nf3 d5 4. Nc3 Be7 5. Bg5 O-O 6. e3 h6 7. Bh4 c6 8. Bd3
dxc4 9. Bxc4 Nd5 10. Bxe7 Qxe7 11. Rc1 Nd7 12. O-O N7f6 13. a3 Nxc3 14. Rxc3
Nd5 15. Rc1 b6 16. Ne5 Bb7 17. Ba2 Qd6 18. Bb1 c5 1/2-1/2

[Event "SC Klein-Berlin Rheine 2 - SC Hiltrup 1"]
[Site "Verbandsklasse 2019/2020"]
[Date "2019.11.16"]
[Round "3.8"]
[White "Engfer, Klaus"]
[Black "May, Peter"]
[Result "1/2-1/2"]
[WhiteElo "1570"]
[BlackElo "1601"]
[PlyCount "43"]
[EventDate "2019.??.??"]
[SourceDate "2019.09.20"]

1. e4 e5 2. Bc4 Nf6 3. d3 Nc6 4. Nf3 Bc5 5. h3 d6 6. O-O Be6 7. Bb5 Bd7 8. Be3
Nd4 9. Bxd7+ Qxd7 10. c3 Nxf3+ 11. Qxf3 O-O-O 12. b4 Bxe3 13. Qxe3 Qa4 14. Nd2
d5 15. Nf3 Rhe8 16. Qe1 dxe4 17. dxe4 Qc2 18. Qe3 Kb8 19. Rac1 Qxe4 20. Qxe4
Nxe4 21. Rfe1 f5 22. Nxe5 1/2-1/2